[Event "Jastrzebia Gora Fianchetto op"]
[Site "Jastrzebia Gora"]
[Date "2014.??.??"]
[Round "7"]
[White "Grobelna, Ewa"]
[Black "Grochol, Kamil"]
[Result "1/2-1/2"]
[WhiteElo "1528"]
[BlackElo "1570"]
[PlyCount "40"]
[EventDate "2014.08.31"]
[EventType "swiss"]
[EventRounds "9"]
[EventCountry "POL"]
[SourceTitle "CBM 162 Extra"]
[Source "ChessBase"]
[SourceDate "2014.10.17"]
[SourceVersion "1"]
[SourceVersionDate "2014.10.17"]
[SourceQuality "1"]

1. d4 d5 2. Nc3 Nf6 3. Nf3 e6 4. a3 c6 5. e3 Nbd7 6. Bd3 Be7 7. e4 dxe4 8. Nxe4 Nb6 9. c3 0-0 10. 0-0 Nxe4 11. Bxe4 Re8 12. Bc2 Bf6 13. Qd3 g6 14. Bf4 Nd7 15. Ne5 Nxe5 16. Bxe5 Bxe5 17. dxe5 Qxd3 18. Bxd3 Kf8 19. Rad1 Ke7 20. f4 b6 1/2-1/2

[Event "Jastrzebia Gora Fianchetto op"]
[Site "Jastrzebia Gora"]
[Date "2014.??.??"]
[Round "9"]
[White "Szynwelski, Ryszard"]
[Black "Grobelna, Ewa"]
[Result "1/2-1/2"]
[WhiteElo "1279"]
[BlackElo "1528"]
[PlyCount "32"]
[EventDate "2014.08.31"]
[EventType "swiss"]
[EventRounds "9"]
[EventCountry "POL"]
[SourceTitle "CBM 162 Extra"]
[Source "ChessBase"]
[SourceDate "2014.10.17"]
[SourceVersion "1"]
[SourceVersionDate "2014.10.17"]
[SourceQuality "1"]

1. e4 e5 2. c3 Nc6 3. d4 exd4 4. cxd4 d6 5. Nf3 Be7 6. Bb5 Bd7 7. Nc3 a6 8. Ba4 h6 9. a3 Nf6 10. Bb3 0-0 11. Bf4 Bg4 12. Bg3 Bxf3 13. Qxf3 Nxd4 14. Qd1 Nxb3 15. Qxb3 b5 16. Nd5 Ne8 1/2-1/2

[Event "POL-ch disabled"]
[Site "Chotowa"]
[Date "2007.05.30"]
[Round "8.26"]
[White "Grobelna, Ewa"]
[Black "Kanach, Jerzy"]
[Result "1/2-1/2"]
[WhiteElo "1674"]
[BlackElo "509"]
[PlyCount "22"]
[EventDate "2007.05.26"]
[EventType "swiss"]
[EventRounds "9"]
[EventCountry "POL"]
[SourceTitle "EXT 2023"]
[Source "ChessBase"]
[SourceDate "2022.10.05"]
[SourceVersion "1"]
[SourceVersionDate "2022.10.05"]
[SourceQuality "1"]

1. e4 e5 2. Nf3 Nc6 3. Bc4 h6 4. c3 Nf6 5. d3 Be7 6. 0-0 0-0 7. b4 a6 8. a4 d6 9. Bb2 Bg4 10. Nbd2 Nh7 11. h3 Be6 1/2-1/2

[Event "POL-ch disabled"]
[Site "Chotowa"]
[Date "2007.05.27"]
[Round "2.14"]
[White "Sowka, Franciszek"]
[Black "Grobelna, Ewa"]
[Result "1/2-1/2"]
[WhiteElo "937"]
[BlackElo "921"]
[PlyCount "56"]
[EventDate "2007.05.26"]
[EventType "swiss"]
[EventRounds "9"]
[EventCountry "POL"]
[SourceTitle "EXT 2023"]
[Source "ChessBase"]
[SourceDate "2022.10.05"]
[SourceVersion "1"]
[SourceVersionDate "2022.10.05"]
[SourceQuality "1"]

1. e4 e5 2. Nf3 Nc6 3. Bc4 h6 4. Nc3 Nf6 5. d3 d6 6. Be3 Be7 7. Nd5 Nxd5 8. Bxd5 Bd7 9. 0-0 0-0 10. c3 Bf6 11. Qd2 Kh7 12. Ne1 Rb8 13. f4 Ne7 14. Bb3 Ng8 15. f5 Bg5 16. Rf3 Bxe3+ 17. Qxe3 Qf6 18. Rg3 Ne7 19. Nf3 c6 20. Rh3 Kg8 21. Nh4 d5 22. Rf1 Qg5 23. Qg3 Qxg3 24. Rxg3 f6 25. Ng6 Nxg6 26. Rxg6 Be8 27. Rg3 Bf7 28. Rff3 Kh7 1/2-1/2